000 00303nam a22001337a 4500
008 170922b xxu||||| |||| 00| 0 eng d
020 _a9780801482847
041 _aeng
080 _a902
100 _a45
101 _aARK
245 _aTHE WORLD OF THE ANCIENT MAYA
_cHENDERSON, J.S
942 _2udc
_cBK
999 _c28952
_d28952